Outsourcing And Off-Shoring Of It - A Challenge For Customs? (Record no. 4547)

000 -LEADER
fixed length control field nam a22 a 4500
005 - DATE AND TIME OF LATEST TRANSACTION
control field 20170531111952.0
008 - FIXED-LENGTH DATA ELEMENTS--GENERAL INFORMATION
fixed length control field 170531s2006 be ||||| |||| 00| 0 eng d
040 ## - CATALOGING SOURCE
Original cataloging agency AKMAL
082 ## - DEWEY DECIMAL CLASSIFICATION NUMBER
Classification number 004.35 WCO
090 ## - LOCALLY ASSIGNED LC-TYPE CALL NUMBER (OCLC); LOCAL CALL NUMBER (RLIN)
Classification number (OCLC) (R) ; Classification number, CALL (RLIN) (NR) 004.35
Local cutter number (OCLC) ; Book number/undivided call number, CALL (RLIN) WCO
245 10 - TITLE STATEMENT
Title Outsourcing And Off-Shoring Of It - A Challenge For Customs?
260 ## - PUBLICATION, DISTRIBUTION, ETC.
Place of publication, distribution, etc. [Brussels, Belgium] :
Name of publisher, distributor, etc. World Customs Organization,
Date of publication, distribution, etc. 2006.
300 ## - PHYSICAL DESCRIPTION
Extent various paging (loose-leaf) ;
Dimensions 30 cm
500 ## - GENERAL NOTE
General note Extracts from 2006 WCO Information Technology Conference & Exhibition<br/>Banglore, India 6-8 April 2006.<br/>
650 10 - SUBJECT ADDED ENTRY--TOPICAL TERM
Topical term or geographic name entry element Customs Administration
General subdivision Law and legislation
9 (RLIN) 6000
650 20 - SUBJECT ADDED ENTRY--TOPICAL TERM
Topical term or geographic name entry element Customs Administration
General subdivision Information and communication technology
9 (RLIN) 8743
710 2# - ADDED ENTRY--CORPORATE NAME
Corporate name or jurisdiction name as entry element World Customs Organization
9 (RLIN) 5917
942 ## - ADDED ENTRY ELEMENTS (KOHA)
Source of classification or shelving scheme
Koha item type Book
950 ## - LOCAL HOLDINGS (RLIN)
Permanent shelving location, LOC (RLIN) AKMAL
Holdings
Withdrawn status Lost status Source of classification or shelving scheme Damaged status Not for loan Collection code Home library Current library Shelving location Date acquired Inventory number Total Checkouts Full call number Barcode Date last seen Price effective from Koha item type
          NON-FICTION AKMAL Melaka AKMAL Melaka RUJUKAN 31.05.2017 002588   004.35 WCO 201706905 31.05.2017 31.05.2017 Book
          NON-FICTION AKMAL Melaka AKMAL Melaka RUJUKAN 31.05.2017 002589   004.35 WCO 201706906 31.05.2017 31.05.2017 Book
Pusat Sumber Maklumat Dato' Haji Sarmin Md Hussin, Akademi Kastam Diraja Malaysia, Melaka
Tel: 06-2331106 | Faks: 06-2313787